Szczegóły MARC21

We władzy teatru : aktorzy i widzowie w antycznym Rzymie /

003 -Nazwa inst., której nr kontr. jest w polu 001 [,]
    • @
    • Nazwa instytucji, której n kontrolny jest w polu 001
    • NUKAT
005 -DATA I CZAS OSTATNIEJ MODYFIKACJI [,]
    • @
    • pole kontrolne
    • 20241231111455.0
020 -Międzynarod. znormalizowany nr książki - ISBN [ , ]
    • a
    • Numer ISBN
    • 8322925441 Find
040 -Instytucja sporządzająca opis [ , ]
    • a
    • Instytucja, która sporządziła opis (NP)
    • WR U/mj
    • b
    • Język katalogowania
    • pol
    • e
    • Zasady katalogowania
    • rda
    • c
    • Instytucja, która sporządziła rekord (NP)
    • WR U/mj
    • d
    • Instytucja, która zmodyfikowała rekord (P)
    • WR U/dl
    • d
    • Instytucja, która zmodyfikowała rekord (P)
    • POZN U/AJs
    • d
    • Instytucja, która zmodyfikowała rekord (P)
    • WR U/iz
942 -Rodzaj dokumentu [ , ]
    • c
    • Rodzaj dokumentu
    • Książka
100 -Hasło główne - nazwa osobowa [1, ]
    • a
    • Nazwa osobowa (NP)
    • Kocur, Mirosław
    • d
    • Daty biograficzne (NP)
    • (1955- ).
    • e
    • Rodzaj współpracy
    • Autor
    • 9
    • KHW
    • 10087
240 -Tytuł ujednolicony [1,0]
    • a
    • Tytuł ujednolicony
    • We władzy teatru
    • l
    • Język tekstu
    • (pol.)
    • 9
    • KHW
    • 644874
245 -Strefa tytułu i oznaczenia odpowiedzialności [1,0]
    • a
    • Tytuł
    • We władzy teatru : Find
    • b
    • Ciąg dalszy tytułu (NP)
    • aktorzy i widzowie w antycznym Rzymie / Find
    • c
    • Pozostałe elementy strefy tytułu i oznaczenia odpowiedzialności (NP)
    • Mirosław Kocur.
260 -Strefa adresu wydawniczego [ , ]
    • a
    • Miejsce wydania (P)
    • Wrocław :
    • b
    • Nazwa wydawcy (P)
    • Wydawnictwo Uniwersytetu Wrocławskiego,
    • c
    • Data wydania (P)
    • 2005.
300 -Strefa opisu fizycznego [ , ]
    • a
    • Określenie formy książki i/lub objętość (NP)
    • 559 stron :
    • b
    • Oznaczenie ilustracji (NP)
    • ilustracje ;
    • c
    • Format (NP)
    • 24 cm.
336 -Typ zawartości [ , ]
    • a
    • Termin opisujący typ zawartości
    • Tekst
    • b
    • Kod określający zawartość
    • txt
    • 2
    • Źródło (terminu i kodu)
    • rdacontent
337 -Typ mediów [ , ]
    • a
    • Tryb odtwarzania
    • Bez urządzenia pośredniczącego
    • b
    • Kod typu mediów
    • n
    • 2
    • Źródło (terminu i kodu)
    • rdamedia
338 -Typ/rodzaj nośnika [ , ]
    • a
    • Hasło opisujące typ nośnika
    • Wolumin
    • b
    • Kod typu nośnika
    • nc
    • 2
    • Źródło (terminu i kodu)
    • rdacarrier
490 -Strefa serii i książki wielotomowej - forma nie do wyszukiwania [1, ]
    • a
    • Tytuł (P)
    • Dramat, Teatr ; Find
    • v
    • Numeracja (P)
    • 12
490 -Strefa serii i książki wielotomowej - forma nie do wyszukiwania [1, ]
    • a
    • Tytuł (P)
    • Acta Universitatis Wratislaviensis, Find
    • x
    • ISSN (NP)
    • 0239-6661 ;
    • v
    • Numeracja (P)
    • nr 2725
830 -Hasło dodatkowe serii i opisu książki wielotomowej - tytuł ujednolicony/tytuł [ ,0]
    • a
    • Tytuł ujednolicony/tytuł (NP)
    • Dramat, Teatr
    • v
    • Oznaczenie tomu (NP)
    • 12
    • 9
    • KHW
    • 10088
830 -Hasło dodatkowe serii i opisu książki wielotomowej - tytuł ujednolicony/tytuł [ ,0]
    • a
    • Tytuł ujednolicony/tytuł (NP)
    • Acta Universitatis Wratislaviensis
    • x
    • ISSN
    • 0239-6661
    • v
    • Oznaczenie tomu (NP)
    • nr 2725
    • 9
    • KHW
    • 49
504 -Uwaga dot. bibliogr. załącznikowej [ , ]
    • a
    • Uwaga dot. bibliografii załącznikowej
    • Bibliografia na stronach 484-519. Indeksy.
546 -Uwaga dot. języka [ , ]
    • a
    • Uwaga dot. języka
    • Spis treści również w języku angielskim.
080 -Uniwersalna Klasyfikacja Dziesiętna [ , ]
    • a
    • Symbol klasyfikacji
    • 792
    • 2
    • Identyfikator wydania tablic
    • UDC-P058
    • 9
    • UKD
    • 6237
    • b
    • Dopowiedzenie
    • Teatr.
    • 4
    • UKD2
    • 8472
    • x
    • Poddział wspólny
    • (37)
    • c
    • Dopowiedzenie poddz. wspólnego
    • (Rzym starożytny. Italia).
    • 4
    • UKD2
    • 7666
    • x
    • Poddział wspólny
    • (091)
    • c
    • Dopowiedzenie poddz. wspólnego
    • (Opracowania historyczne).
650 -Hasło przedmiotowe [ ,7]
    • a
    • Hasło przedmiotowe
    • Aktorzy
    • z
    • Określnik geograficzny
    • Rzym (państwo).
    • 2
    • Źródło terminu
    • kaba
    • 9
    • KHW
    • 644959
650 -Hasło przedmiotowe [ ,7]
    • a
    • Hasło przedmiotowe
    • Dramat łaciński
    • x
    • Określnik rzeczowy
    • historia i krytyka.
    • 2
    • Źródło terminu
    • kaba
    • 9
    • KHW
    • 596294
650 -Hasło przedmiotowe [ ,7]
    • a
    • Hasło przedmiotowe
    • Obrzędy i ceremonie
    • z
    • Określnik geograficzny
    • Rzym (państwo).
    • 2
    • Źródło terminu
    • kaba
    • 9
    • KHW
    • 644960
650 -Hasło przedmiotowe [ ,7]
    • a
    • Hasło przedmiotowe
    • Teatr
    • z
    • Określnik geograficzny
    • Rzym (państwo).
    • 2
    • Źródło terminu
    • kaba
    • 9
    • KHW
    • 644961
651 -Hasło przedmiotowe w formie nazwy geograficznej [ ,7]
    • a
    • Nazwa geograficzna
    • Rzym (państwo)
    • x
    • Określnik rzeczowy
    • obyczaje i zwyczaje.
    • 2
    • Źródło terminu
    • kaba
    • 9
    • KHW
    • 129181
980 -Symbol UKD [ , ]
    • a
    • UKD
    • 792(37)(091)
710 -Hasło dodatkowe - nazwa ciała zbiorowego [2, ]
    • a
    • Nazwa ciała zbiorowego lub nazwa geograficzna jako pierwszy element (NP)
    • Uniwersytet Wrocławski.
    • b
    • Nazwa jednostki podrzędnej (P)
    • Wydawnictwo.
    • e
    • Rodzaj współpracy
    • Wydawca
    • 4
    • Kod relacji
    • pbl
    • 9
    • KHW
    • 54907
920 -ISBN [ , ]
    • a
    • ISBN
    • 83-229-2544-1 Find
Numer inwentarzowy Status udost. Sygnatura Lokalizacja Data inwentaryzacji
P.21775-3Pol. Kulturoznawstwo 04BM2009-11-20
P.200491POL. Teatr – historia 04BM2006-02-15